बालूघाट की मछली / (Record no. 116508)

MARC details
000 -LEADER
fixed length control field 00899nam a22002537a 4500
005 - DATE AND TIME OF LATEST TRANSACTION
control field 20170124103040.0
010 ## - LIBRARY OF CONGRESS CONTROL NUMBER
LC control number A-761771
020 ## - INTERNATIONAL STANDARD BOOK NUMBER
Terms of availability 60.00
035 ## - SYSTEM CONTROL NUMBER
System control number A-761771
037 ## - SOURCE OF ACQUISITION
Source of stock number/acquisition Cen Lib/Ret
040 ## - CATALOGING SOURCE
Original cataloging agency DPL
Language of cataloging HN
082 ## - DEWEY DECIMAL CLASSIFICATION NUMBER
Classification number
Item number सिंहर
100 ## - MAIN ENTRY--PERSONAL NAME
Personal name सिंह, रमा
9 (RLIN) 66901
245 ## - TITLE STATEMENT
Title बालूघाट की मछली /
Statement of responsibility, etc रमा सिंह
246 ## - VARYING FORM OF TITLE
Title proper/short title Balughat kee machhli /
Remainder of title by Ramam Singh
260 ## - PUBLICATION, DISTRIBUTION, ETC. (IMPRINT)
Place of publication, distribution, etc दिल्ली
Name of publisher, distributor, etc यात्री प्रकाशन
Date of publication, distribution, etc 1995
270 ## - ADDRESS
Address बी-131, सादतपुर
City दिल्ली
Postal code 110094
300 ## - PHYSICAL DESCRIPTION
Extent 128पृ.
Dimensions 17सेमी (सजिल्द)
650 ## - SUBJECT ADDED ENTRY--TOPICAL TERM
Topical term or geographic name as entry element हिन्दी साहित्य
9 (RLIN) 66902
650 ## - SUBJECT ADDED ENTRY--TOPICAL TERM
Topical term or geographic name as entry element कहानिया
9 (RLIN) 66903
650 ## - SUBJECT ADDED ENTRY--TOPICAL TERM
Topical term or geographic name as entry element Hindi literature
9 (RLIN) 66904
650 ## - SUBJECT ADDED ENTRY--TOPICAL TERM
Topical term or geographic name as entry element Stories
9 (RLIN) 7500
942 ## - ADDED ENTRY ELEMENTS (KOHA)
Source of classification or shelving scheme Dewey Decimal Classification
Koha item type Hindi Books
Classification part
Call number suffix सिंहर
Holdings
Withdrawn status Lost status Damaged status Not for loan Home library Current library Date acquired Source of acquisition Cost, normal purchase price Total Checkouts Full call number Barcode Date last seen Copy number Cost, replacement price Price effective from Koha item type
        Central Library Central Library 24/08/2015 Cen Lib/Ret 60.00   क सिंहर A-761771 24/08/2015 1 60.00 24/08/2015 Hindi Books

© Delhi Public Library
Hit Counter
free hit counter